| 000 | 00620nam a22002057a 4500 | ||
|---|---|---|---|
| 005 | 20241001113913.0 | ||
| 010 | _aENG-141844 | ||
| 020 |
_a9789393757203 _c230.00 |
||
| 035 | _aEN-125376 | ||
| 037 | _bDBAD | ||
| 082 | _aN | ||
| 100 |
_aSaxena, Manisha _972235 |
||
| 245 |
_aBlue Jeans/ _cBy Manisha Saxena |
||
| 250 | _a1 | ||
| 260 |
_bVishwakarma Publications _c2022 _aMaharashtra |
||
| 270 |
_a34A/1, Suyog Center, 7th floor, Gultekedi Marketyard Road, Giridhar Bhavan Chowk, _e411037 _bPune _minfo@vpindia.co.in _k9168682200 |
||
| 300 |
_a176p. _c20cm (pb) |
||
| 942 |
_2ddc _cEN _hN _mSAX |
||
| 999 |
_c206030 _d206030 |
||